000 01006nam a2200217Ia 4500
003 Ost
005 20260416102400.0
008 260416s9999||||xx |||||||||||||| ||und||
040 _cfsecg
041 _aara
082 _a340
100 _aطالب، ياسين
_eمؤلف
245 0 _aالمدخل لعلم القانون :
_bالنظرية العامة للقانون - النظرية العامة للحق /
_c ياسين طالب
260 _aالجزائر
_bجامعة الجزائر3: كلية العلوم الإقتصادية، العلوم التجارية وعلوم التسيير
_c2022
300 _a115 ورقة
_bايضاحات
_c12 سم
504 _aالمراجع ص.107
520 _aالنظرية العامة للقانون ، النظرية العامة للحق.
653 _aالقانون
710 _aجامعة الجزائر3: كلية العلوم الإقتصادية، العلوم التجارية وعلوم التسيير
_eناشر علمي
942 _cHANDOUT
999 _c41372
_d41372